UCL Winners Since 2008 - Statistics

General Stats
  • This quiz has been taken 153 times
  • The average score is 16 of 17
Answer Stats
Hint Answer % Correct
2013/14 Real Madrid
99%
2015/16 Real Madrid
99%
2016/17 Real Madrid
99%
2017/18 Real Madrid
99%
2021/22 Real Madrid
99%
2023/24 Real Madrid
99%
2022/23 Manchester City
98%
2008/09 FC Barcelona
97%
2010/11 FC Barcelona
97%
2014/15 FC Barcelona
97%
2018/19 Liverpool
94%
2012/13 Bayern Munich
93%
2019/20 Bayern Munich
93%
2011/12 Chelsea
93%
2020/21 Chelsea
93%
2009/10 Inter Milan
91%
2007/08 Manchester United
83%
No matching quizzes found
Score Distribution
Percent of People with Each Score
Percentile by Number Answered
Your Score History
You have not taken this quiz